000 00529nam a22001937a 4500
003 KOHA_MİRAKIL
005 20250409151513.0
008 250409b tu ||||| |||| 00| 0 tur d
020 _a9789750408557
040 _aTR-AnABB
_btur
_cTR-AnABB
041 _atur
082 _a813.42
_bAKC 2021
100 1 _aAkçam, Dursun,
245 1 0 _aÖlü ekmeği /
_cDursun Akçam
260 _aİstanbul :
_bLiteratür Yayınları,
_c2021
300 _a136 sayfa ;
_c21 cm
650 0 4 _aTürk edebiyatı, roman
942 _2ddc
_cBK
999 _c8615
_d8615
900 _bGizem YORULMAZ